All gas and gaiters (Record no. 65169)

MARC details
000 -LEADER
fixed length control field 01174cam a2200253 4500
001 - CONTROL NUMBER
control field ABS62946
008 - FIXED-LENGTH DATA ELEMENTS--GENERAL INFORMATION
fixed length control field 000000n2000 000 0 eng u
035 ## - SYSTEM CONTROL NUMBER
System control number (Sirsi) u109150
100 ## - MAIN ENTRY--PERSONAL NAME
Personal name Tolson, S.
245 ## - TITLE STATEMENT
Title All gas and gaiters
260 ## - PUBLICATION, DISTRIBUTION, ETC.
Date of publication, distribution, etc. 2000
490 ## - SERIES STATEMENT
Series statement Building
Volume/sequential designation 265(8158) 20 October 2000, 65(1)
520 ## - SUMMARY, ETC.
Summary, etc. Considers whether the recent national fuel crisis gives contractors the chance to secure extensions of time on their contracts. Looks in particular at the meaning of 'relevant events', analogous to JCT 1998 cl 25.4.4. Suggests that the fuel crisis does not give contractors the chance to secure extensions, because the truck drivers' actions do not clearly come under 'relevant events'. Close scrutiny suggests that the force majeure clause would also be of no help to contractors.
590 ## - LOCAL NOTE (RLIN)
Local note ABS
650 ## - SUBJECT ADDED ENTRY--TOPICAL TERM
Topical term or geographic name entry element FUEL CRISIS
650 ## - SUBJECT ADDED ENTRY--TOPICAL TERM
Topical term or geographic name entry element CONTRACTORS
650 ## - SUBJECT ADDED ENTRY--TOPICAL TERM
Topical term or geographic name entry element EXTENSIONS OF TIME
650 ## - SUBJECT ADDED ENTRY--TOPICAL TERM
Topical term or geographic name entry element BUILT ENVIRONMENT-BUILDING CONTRACT FORMS
650 ## - SUBJECT ADDED ENTRY--TOPICAL TERM
Topical term or geographic name entry element JCT STANDARD FORM OF BUILDING CONTRACT (1998 EDITION)
650 ## - SUBJECT ADDED ENTRY--TOPICAL TERM
Topical term or geographic name entry element FORCE MAJEURE
650 ## - SUBJECT ADDED ENTRY--TOPICAL TERM
Topical term or geographic name entry element STRIKES
690 ## - LOCAL SUBJECT ADDED ENTRY--TOPICAL TERM (OCLC, RLIN)
Topical term or geographic name as entry element BUILT ENVIRONMENT-BUILDING CONTRACT FORMS
942 ## - ADDED ENTRY ELEMENTS (KOHA)
Suppress in OPAC 0
Holdings
Withdrawn status Lost status Source of classification or shelving scheme Damaged status Not for loan Home library Current library Shelving location Date acquired Total Checkouts Full call number Barcode Date last seen Copy number Price effective from Koha item type
    Dewey Decimal Classification     London London Journal article 03/11/2000   ABS62946 109150-1001 06/08/2019 1 06/08/2019 Journal article